Nandakānta Nandāghuṇṭi. (Record no. 55294)
[ view plain ]
| 000 -LEADER | |
|---|---|
| fixed length control field | 00615cam a22002411 4500 |
| 001 - CONTROL NUMBER | |
| control field | sa 63003789 |
| 003 - CONTROL NUMBER IDENTIFIER | |
| control field | DLC |
| 005 - DATE AND TIME OF LATEST TRANSACTION | |
| control field | 20260227111944.0 |
| 008 - FIXED-LENGTH DATA ELEMENTS--GENERAL INFORMATION | |
| fixed length control field | 940930s1962 ii a 000 0 beno |
| 010 ## - LIBRARY OF CONGRESS CONTROL NUMBER | |
| LC control number | sa 63003789 |
| 025 ## - OVERSEAS ACQUISITION NUMBER | |
| Overseas acquisition number | PL480:I-B-252 |
| 035 ## - SYSTEM CONTROL NUMBER | |
| System control number | (OCoLC)31205772 |
| 040 ## - CATALOGING SOURCE | |
| Original cataloging agency | DLC |
| Transcribing agency | CU |
| Modifying agency | CU |
| -- | DLC |
| 042 ## - AUTHENTICATION CODE | |
| Authentication code | premarc |
| 050 00 - LIBRARY OF CONGRESS CALL NUMBER | |
| Classification number | DS486.N28 |
| Item number | G5 |
| 100 1# - MAIN ENTRY--PERSONAL NAME | |
| Personal name | Ghosha, Gaurakiśora, |
| Dates associated with a name | 1923-2000. |
| 245 10 - TITLE STATEMENT | |
| Title | Nandakānta Nandāghuṇṭi. |
| 260 ## - PUBLICATION, DISTRIBUTION, ETC. | |
| Date of publication, distribution, etc. | [1962] |
| 300 ## - PHYSICAL DESCRIPTION | |
| Extent | 163 p. |
| Other physical details | illus. |
| Dimensions | 22 cm. |
| 546 ## - LANGUAGE NOTE | |
| Language note | In Bengali. |
| 650 #0 - SUBJECT ADDED ENTRY--TOPICAL TERM | |
| Topical term or geographic name entry element | Mountaineering. |
| 650 #0 - SUBJECT ADDED ENTRY--TOPICAL TERM | |
| Topical term or geographic name entry element | Nanda Devi (Hindu deity) |
No items available.